01330cam a2200301 i 4500001001300000005001700013008004100030010001700071015001900088015001900107020002700126020001500153035007500168040004400243041000800287100002400295245006000319246002600379250002100405260004400426300003700470505035100507546002200858650002000880650003900900651003100939700005800970ocn90896889520180528110055.0180528s2010 xxua b 001 0 eng  a 2014957918 aGBB5444732bnb aGBB5444732dnb a9780198736226 (5a.Ed.) a0198736223 a(OCoLC)908968895z(OCoLC)900016360z(OCoLC)908018892z(OCoLC)910177887 aCo-BoUCMbspacSaul NiñodSaul Niño0 aeng1 aPlessis, Paul J. du10aBorkowski's textbook on Roman lawcPaul du Plessis, PhD30aTextbook on Roman law aQuinta edición aNew YorkbOxford University Pressc2010 axv, 440 páginasbilustraciones0 aRome : a historical sketch -- The sources of Roman law -- Roman litigation -- Status, slavery, and citizenship -- The Roman family -- Interests in property -- Acquiring ownership -- Inheritance -- Obligations : general principles and obligations arising from contracts -- Obligations arising from delict -- Roman law and the European ius commune. aTexto en inglés 7aDerecho romano  7aDerecho romano xUsos y costumbres aRomaxCondiciones sociales1 aBorkowski, J. A.q(J. Andrew).tTextbook on Roman law